Statistics for Star Wars creatures

Click here to take the quiz!

General Stats

  • This quiz has been taken 9 times
  • The average score is 12 of 23

Answer Stats

Hint Answer % Correct
Large, hairy creatures with spiral horns that Tusken Raiders use as mountsBantha
100%
Large reptilian creature ridden by stormtroopers on TatooineDewback
100%
Bipedal creature used as a mount by the Rebels on HothTauntaun
100%
Hairy, bipedal predator that attacked Luke Skywalker on HothWampa
75%
Monster that lives in the Great Pit of Carkoon on Tatooine, which Jabba's henchmen tried to feed Han and Luke toSarlacc
75%
Carnivorous, tentacled creatures that Han Solo was transporting aboard the EravanaRathtar
75%
Large, carnivorous monster that Jabba the Hutt keeps as a petRancor
75%
Bat-like parasitic creatures that tried to feed on the Millennium Falcon in the asteroid fieldMynock
75%
Enormous gastropod that tried to eat the Millennium Falcon in the asteroid fieldExogorth
75%
Creature with an obnoxious laugh that Jabba the Hutt kept as a pet / court jester.Kowakian monkey-lizard
50%
Catlike creature with four eyes, spines, and sharp teeth that Anakin, Obi-Wan, and Padmé fought in the arena on GeonosisNexu
50%
Birdlike creatures that live on the island where Luke went into exile on Ahch-ToPorg
50%
Tentacled creature that lives in the Death Star's trash compactorDianoga
50%
Six-legged crustacean-like creature that Anakin, Obi-Wan, and Padmé fought in the arena on GeonosisAcklay
50%
Amphibious creatures used as mounts by the GungansKaadu
25%
Quadrupedal creatures with mechanical pieces fused into them, used as beasts of burden on JakkuLuggabeast
25%
Long-eared creatures that are used in races on Canto BightFathier
25%
Large, rhino-like creature with large horns on its face that Anakin, Obi-Wan, and Padmé fought in the arena on GeonosisReek
25%
Large four-legged reptile used as a pack animal by Jawas on TatooineRonto
25%
Camel-like quadrupeds used as mounts and beasts of burden on Tatooine, known to be flatulentEopie
25%
Crystalline fox-like creatures native to CraitVulptex
25%
Quadrupedal lizard creatures used by Gungans to lug heavy equipment Fambaa
0%
Reptilian creature with feathered mane that Obi-Wan rode to pursue Count DookuVaractyl
0%

Score Distribution

Percentile by Number Answered

Percent of People with Each Score

Your Score History

You have not taken this quiz